Violencia, enfoque de género y nulidad en procesos patrimoniales : (Registro nro. 6234)
[ vista simple ]
| 000 -LEADER | |
|---|---|
| fixed length control field | 01215nab a22002297a 4500 |
| 003 - CONTROL NUMBER IDENTIFIER | |
| control field | OSt |
| 005 - DATE AND TIME OF LATEST TRANSACTION | |
| control field | 20260126041529.0 |
| 008 - FIXED-LENGTH DATA ELEMENTS--GENERAL INFORMATION | |
| fixed length control field | 190514b xxu||||| |||| 00| 0 spa d |
| 040 ## - CATALOGING SOURCE | |
| Transcribing agency | PJ |
| 100 ## - MAIN ENTRY--PERSONAL NAME | |
| 9 (RLIN) | 5888 |
| Personal name | Delgado Solis, Elba Érika |
| 245 10 - TITLE STATEMENT | |
| Title | Violencia, enfoque de género y nulidad en procesos patrimoniales : |
| Statement of responsibility, etc | una tríade que protege derechos en el marco de una unión convivencial / |
| Remainder of title | Erika Delgado Solís. |
| 300 ## - PHYSICAL DESCRIPTION | |
| Extent | p. 162-171 |
| 500 ## - GENERAL NOTE | |
| General note | Cita: TR LALEY AR/DOC/2675/2024. |
| 505 ## - FORMATTED CONTENTS NOTE | |
| Formatted contents note | Sumario: I. A modo de introducción.— II. Análisis del caso.— III. La cuestión de competencia: el tiempo trascurrido y el acceso a justicia.— IV. Estructura de la sentencia y su lenguaje.— V. A modo de conclusión. |
| 505 ## - FORMATTED CONTENTS NOTE | |
| Title | Fallo comentado: JFamilia 2a Nom., Córdoba ~ 03/04/2024 ~ O., G. C. c. P. R., P. A. s/ ordinario - otros. |
| 650 #0 - SUBJECT ADDED ENTRY--TOPICAL TERM | |
| 9 (RLIN) | 967 |
| Topical term or geographic name as entry element | DERECHO DE FAMILIA |
| 650 #0 - SUBJECT ADDED ENTRY--TOPICAL TERM | |
| 9 (RLIN) | 3053 |
| Topical term or geographic name as entry element | VIOLENCIA DE GÉNERO |
| 650 #0 - SUBJECT ADDED ENTRY--TOPICAL TERM | |
| 9 (RLIN) | 1053 |
| Topical term or geographic name as entry element | UNIONES CONVIVENCIALES |
| 650 #0 - SUBJECT ADDED ENTRY--TOPICAL TERM | |
| 9 (RLIN) | 1057 |
| Topical term or geographic name as entry element | JURISPRUDENCIA APLICABLE |
| 773 0# - HOST ITEM ENTRY | |
| Host Biblionumber | 2844 |
| Host Itemnumber | 3222 |
| Place, publisher, and date of publication | Buenos Aires : AbeledoPerrot, 1989- |
| Title | Derecho de familia. Revista Interdisciplinaria de doctrina y jurisprudencia. Diciembre 2024-VI. |
| International Standard Book Number | 18511201 |
| 942 ## - ADDED ENTRY ELEMENTS (KOHA) | |
| Source of classification or shelving scheme | |
| Koha item type | Analítica Artículo de Revista |
No hay ítems disponibles.
